000 00292nam a22001217a 4500
008 260424b |||||||| |||| 00| 0 eng d
082 _a001337
100 _aOja, Gopesh Kumar
245 _aJatakaparijata Vol 2
260 _aDelhi
_bMotilal Banarasidass
_c2017
300 _a1124p
942 _2ddc
999 _c1324
_d1324